000 00928nam a2200241 a 4500
001 1066
003 BR-CuiBMT
005 20231129011656.0
008 231128s2022 prb 001 0 por d
020 _a9788536299778
040 _aBR-CuiBMT
_cBR-CuiBMT
080 _22007
_a35.078.3:502.131.1
090 _a35.078.3:502.131.1
_bW784c
100 1 _aWinter, Ana Carollina Souza
245 1 0 _aControle externo e desenvolvimento sustentável :
_bo papel dos tribunais de contas do Brasil e de Portugal na implementação da agenda 2030 /
_cAna Carollina Souza Winter ; prefácio de Paulo Nogueira da Costa.
260 _aCuritiba :
_bJuruá,
_c2022.
300 _a163 p. ;
_c21 cm
504 _aInclui índice.
650 _aControle externo
_xTribunais de contas
_zBrasil
650 _aControle externo
_xTribunais de contas
_zPortugal
650 _aSustentabilidade e meio ambiente
_xRelações internacionais
942 _2udc
_cLV
999 _c1066
_d1066